00438nam a2200109Ia 4500008004100000050002800041100002800069245008200097260008600179300003300265521003000298140724s9999 xx 000 0 und d aHF 5415.127b.B928 2012 aBuenaventura, Romray U. a"Marketing program for Cid Reyes Travel and Tours" /cRomray U. Buenaventura. aLas Piñas, Philippines :bSouthville International School and Colleges,cc2012. a71 p. :bcol. Ill. ;c28 cm. aHuman Resource Management